| 000 | 00751nam a22002297a 4500 | ||
|---|---|---|---|
| 999 |
_c15628 _d15628 |
||
| 003 | MIRAKIL | ||
| 005 | 20240313105245.0 | ||
| 008 | 240313b tu ||||| |||| 00| 0 tur d | ||
| 020 | _a9789751620231 | ||
| 040 |
_aTR-AnCHP _cTR-AnCHP |
||
| 041 | _atur | ||
| 082 |
_a818 _bE63t 2008 |
||
| 100 | _aEren, Hasan | ||
| 245 | 1 | 0 |
_aTürk Dil Kurumundan eski anılar _cProf. Dr. Hasan Eren. |
| 250 | _a1.bs. | ||
| 260 |
_aAnkara: _bTürk Dil Kurumu yayınları, _c2008. |
||
| 300 |
_a58 s. : _bfotoğ. , _c24 cm. |
||
| 490 | 0 |
_aAtatürk Kültür, Dil ve Tarih Yüksek Kurumu Türk Dil Kurumu Yayınları _v921 |
|
| 650 | 0 |
_97737 _aAnılar |
|
| 856 | _zDijital Nüshası için Partimizin Kütüphane Sorumlusu ile iletişime geçiniz. | ||
| 942 |
_2ddc _cBKS |
||